000 00322nam a2200145Ia 4500
003 OSt
005 20231123070232.0
008 170524s9999 xx 000 0 und d
020 _a978-81-203-2878-5
040 _cIIMT
100 _aROBBINS- STEPHEN P
245 0 _aMANAGEMENT
260 _bPHI NEW DELHI
942 _2ddc
_c02
999 _c8094
_d8094